Kiến trúc = Architecture journal of Vietnam architects' association

Uloženo v:
Podrobná bibliografie
Médium: Kniha
Jazyk:Undetermined
Vydáno: Hà Nội Hội Kiến trúc sư Việt Nam 2020
Témata:
Tagy: Přidat tag
Žádné tagy, Buďte první, kdo otaguje tento záznam!
Thư viện lưu trữ: Trung tâm Học liệu Trường Đại học Cần Thơ
LEADER 00589nam a2200193Ia 4500
001 CTU_237644
008 210402s9999 xx 000 0 und d
020 |c 35000 
082 |a 720 
082 |b K305 
245 0 |a Kiến trúc = 
245 0 |b Architecture journal of Vietnam architects' association 
245 0 |c Hội Kiến trúc sư Việt Nam 
260 |a Hà Nội 
260 |b Hội Kiến trúc sư Việt Nam 
260 |c 2020 
650 |a Architecture,Kiến trúc 
904 |i T.Trang 
980 |a Trung tâm Học liệu Trường Đại học Cần Thơ